Normal view
MARC view
Entry Uniform Title
001 - CONTROL NUMBER
- control field: 23064
003 - CONTROL NUMBER IDENTIFIER
- control field: dpl
005 - DATE AND TIME OF LATEST TRANSACTION
- control field: 20101006152529.0
008 - FIXED-LENGTH DATA ELEMENTS
- fixed length control field: 101006|||a|||||| | ||| d
040 ## - CATALOGING SOURCE
- Original cataloging agency: dpl
- Transcribing agency: dpl
130 ## - HEADING--UNIFORM TITLE
- Uniform title: सहमत-मुक्तनादः अंक 41
670 ## - SOURCE DATA FOUND
- Source citation: Work cat.: (dpl)36659: दामोदर धर्मानन्द कोसाम्बी /, 2009
670 ## - SOURCE DATA FOUND
- Source citation: Work cat.: (dpl)36659: दामोदर धर्मानन्द कोसाम्बी /, 2009
